000 01043 a2200217 4500
999 _c7773
_d7773
005 20190413120234.0
008 080918t xxu||||| |||| 00| 0 hin d
010 _aHIN-81117
020 _c400.00
_a8179651274
035 _aHN-53463
035 _aB-232412, B-232414
037 _bD.B.Act / pub
082 _a230.2
100 _aमनराल,कुन्दन सिंह 'पहाड़ि'
_941938
245 _aकुमाउँनी रामायण
_cकुन्दन सिंह मनराल 'पहाड़ि'
246 _bby Kundan Singh Manral 'Pahari'
_aKumauni Ramayan
260 _aनई दिल्ली
_bतक्षशिला प्रकाशन
_c2007
270 _a98-ए, हिन्दी पार्क, दरियागंज
_bनई दिल्ली
_e110002
_k011- 23258802, 65285328, 22513959
_l011 23258767
300 _ax,432पृ
_c22 सेमी (सजिल्द)
_b(सचित्र)
942 _adpl
_cHN
_k230.2 / मनरा
_2ddc
_h230.2
_mमनरा